000 00252nam a22001097a 4500
082 _a669.7 MAC
100 _aPDF
_956879
245 _aMACHINING DIFFICULT ALLOYS
260 _aNEWYORK
_bAMERICAN SOCIETY FOR METALS
_c1962
300 _a362P
942 _cBK
999 _c585166
_d585166